All I Want For Christmas Is You (All Lyrics) - Statistics

General Stats
  • This quiz has been taken 961 times
  • The average score is 251 of 320
Answer Stats
Answer % Correct
a
100%
I
100%
Christmas
99%
for
99%
is
99%
want
99%
you
98%
You
98%
All
97%
all
97%
do
97%
the
97%
don't
96%
just
95%
on
95%
my
93%
need
93%
tree
93%
lot
92%
There
92%
there
92%
thing
92%
ever
91%
one
91%
presents
91%
own
90%
underneath
90%
about
89%
care
89%
know
89%
wish
88%
come
87%
Make
87%
make
87%
More
87%
more
87%
than
87%
true
87%
could
86%
baby
85%
And
81%
and
81%
Oh
74%
to
70%
me
67%
Santa
65%
won't
59%
Won't
59%
happy
55%
stocking
55%
Claus
54%
day
53%
fireplace
53%
snow
53%
so
52%
So
52%
this
52%
This
52%
ask
51%
even
50%
mistletoe
49%
hang
48%
hear
46%
can
44%
yeah
44%
much
43%
it
42%
upon
42%
with
42%
I'm
38%
What
38%
see
37%
toy
37%
are
36%
wanna
36%
here
35%
list
34%
North
34%
tonight
34%
lights
33%
Pole
33%
send
32%
tight
32%
Nick
31%
Saint
31%
shining
31%
those
31%
Holding
30%
please
30%
asking
29%
door
29%
of
29%
reindeer
29%
standing
29%
bells
28%
bring
28%
Cause
28%
magic
28%
stay
28%
air
27%
really
27%
right
27%
everywhere
26%
outside
26%
sleigh
26%
awake
25%
brightly
25%
ringing
23%
waiting
23%
fills
22%
keep
22%
gonna
21%
laughter
21%
singing
21%
sound
21%
click
20%
childrens
19%
everyone
19%
No matching quizzes found
Score Distribution
Percent of People with Each Score
Percentile by Number Answered
Your Score History
You have not taken this quiz